[Event "BL2-Sued 9596"]
[Site "Germany"]
[Date "1996.??.??"]
[Round "?.3"]
[White "Zuse, Klaus Peter"]
[Black "Donev, Ivo Hristov"]
[Result "0-1"]
[WhiteElo "2335"]
[BlackElo "2375"]
[Annotator "Donev,I"]
[PlyCount "82"]
[EventDate "1995.10.??"]
[EventType "team-tourn"]
[EventRounds "9"]
[EventCountry "GER"]
[SourceTitle "CBM 052"]
[Source "ChessBase"]
[SourceDate "1996.06.01"]
[SourceVersion "1"]
[SourceVersionDate "1996.06.01"]
[SourceQuality "1"]
[WhiteTeam "Heidelberg"]
[BlackTeam "Eppingen"]
[WhiteTeamCountry "GER"]
[BlackTeamCountry "GER"]

1. Nf3 d5 2. g3 c6 3. Bg2 Bg4 4. Ne5 Bh5 5. d4 Nd7 6. Nd3 e6 7. Nf4 Bg4 8. f3 (
8. h3 Bf5 9. g4 Be4 $10) 8... Bf5 9. e4 Bg6 10. Nc3 Bb4 11. Qd3 Ngf6 12. Bd2
dxe4 13. fxe4 (13. Nxe4 Bxe4 14. fxe4 Bxd2+ 15. Qxd2 e5 $1 16. dxe5 (16. Ne2
exd4 17. Qxd4 Qa5+ $1 $15) 16... Nxe5 $15) 13... e5 $1 {Ein typischer Schlag
gegen das starke weiße Zentrum.} 14. Nxg6 hxg6 15. a3 (15. dxe5 Nxe5 16. Qe2
Qe7 $15) 15... exd4 16. axb4 Ne5 $1 {[%csl Ge5] Sehr wichtiger Zwischenzug
nachdem der schwarze Ne5 eine dominierende Rolle in der ganzen Partie spielen
wird!} 17. Qf1 (17. Qe2 dxc3 18. Bxc3 Qe7) 17... dxc3 18. Bxc3 {Welche
Leichtfiguren sind stärker: Das weiße Läuferpaar oder das schwarze
Springerpaar? Die Stellung hat halboffenen Charakter. Alles hängt von der
Schlüsselfigur Ne5 ab. Wenn der Nachziehende einen Springer auf dem starken e5
Feld behaupten kann, so wird der Isolani e4 gut blockiert und die Wirkung des
weißen Läuferpaars eingeschränkt.} Qe7 19. O-O-O O-O $1 {Auf dem Brett habe
ich eine unortodoxe lehrreiche Stellung bekommen. Außer den verschiedenen
Leichtfiguren haben wir auch verschiedene Rouchaden. Ich habe mit Absicht die
kurze Rouchade gemacht, weil mir war klar, daß der Anziehende dadurch viel
schwerer meinen König angreifen kann, als ich seinen. Also habe ich in meinem
Plan zwei wichtige Bausteine: 1. Eine Figur auf e5 auf jedes Preis behalten.
So werden die beide Läufer eingeschränkt (besonders der arme Bg2). 2. So
schnell wie Möglich einen Angriff gegen den weißen Monarchen zu organisieren!}
20. Qf4 Rfe8 21. h4 {Natürlich will der Anziehende auch meinen König angreifen,
aber wie? 21.h4 war der Erste und letzte Angriffszug!} Qc7 22. Bh3 a5 $1 {
Die Schlüsselidee.} 23. bxa5 Rxa5 $3 {Um jeden Preis den weißen König zu
öffnen und die Initiative zu erreichen - sogar mit Qualitätsopfer!} 24. b3 {
Falls Weiß die Qualität nimmt zeigen die folgenden Varianten, daß der
Nachziehende mehr als genug Kompensation hat.} (24. Bxa5 Qxa5 25. Kb1 (25. c3
Nd3+ 26. Rxd3 Qa1+ 27. Kc2 Qxh1 $17) (25. b3 Qc3 $1 $19 {Und gegen die
schwarze Drohung Ra8 nebst Ra1 gibt es keine genügende Verteidigung.}) 25...
Ra8 26. c3 Nc4 27. Qc1 Nxe4 $40) 24... Ra7 25. Kb2 Nh5 {Die Idee - nach dem
Damenabzug 26...Ng3} 26. Qf2 {Deckt den Bauern g3 und gleichzeitig greift er
den Turm a7 an.} b5 {Diese Zug hat folgende Aufgaben:  Der Turm a7 ist von Qc7
gedeckt, nachdem die Drohung Ng3 bleibt, weil nach Qg3 folgt der Abzugsangriff
Nc4!  Der Nachziehende bereitet c5 nebst b4 und Angriff gegen den weißen
Monarch.} 27. Bd4 Rb7 28. Kb1 {Neutralisiert die obengenannte Drohung Ng3
nebst Nc4 Schach.} Nf6 29. Rhe1 b4 30. Kb2 Rb5 {Bereitet c5 vor.} 31. Bf1 Nfg4
$1 32. Qf4 Ra5 33. Ra1 c5 34. Bxe5 (34. Rxa5 {[#]} cxd4 $3 {Es droht Qa5 und
Qc3 nebst Qe1.} 35. Rea1 $8 (35. Raa1 Qc3+ 36. Kb1 Qxe1+ $19) 35... Ne3 {
[%csl Ge3,Ge5] Die schwarzen Springer beherrschen das ganze Brett!} 36. c4 (36.
Qf2 Qxa5 $1 37. Rxa5 Nd1+ $19) (36. Bd3 Nxd3+ 37. cxd3 Qc2#) (36. Bc4 N3xc4+
37. bxc4 Nxc4+ 38. Kc1 Qxf4+ 39. gxf4 Nxa5 40. Rxa5 Rxe4 $19) 36... bxc3+ $19)
34... Nxe5 $17 {Noch ein wichtiger Moment. Nach dem Abtausch des
schwarzfeldrige Läufers für einen weißen Springer wird der schwarze Vorteil
noch spürbarer.} 35. Rxa5 Qxa5 36. Ra1 Qd8 37. Bb5 Qd4+ 38. Kb1 Rd8 {Stellen
wir eine Diagnose über die endstandene Stellung. 1. Der schwarze König steht
klar besser als sein Kollege. 2. Der Springer e5 ist ein Riese im Vergleich
mit dem Bb5. 3. Die schwarzen Schwerfiguren sind viel besser plaziert als die
Weißen. 4. Dazu kommt auchnoch die bessere schwarze Bauernstruktur und die
abgeschwächten schwarzen Felder um weißen Monarch. Es ist klar, daß der
Nachziehende großen Vorteil hat.} 39. Ra6 Qc3 40. Qf1 Nf3 41. Qc1 c4 $1 {
Eine lehrreiche Partie in der der Super Ne5 die entscheidende Rolle gespielt
hat.} (41... c4 $1 {Schade, daß hier mein Gegner aufgegeben hat, um folgende
schöne Variante zu vermeiden.} 42. Bxc4 (42. bxc4 Nd2+ 43. Ka2 b3+ 44. Ka3 b2+
$19) (42. Qb2 Rd1+ 43. Ka2 {Jetzt habe ich zwei sehr schöne Wege zum Sieg:}
cxb3+ (43... Qxb2+ 44. Kxb2 c3+ 45. Ka2 Ne1 46. Bd3 Nxd3 47. cxd3 c2 $19) 44.
cxb3 Rd2 $19) (42. Rc6 Nd2+ 43. Ka2 cxb3+ 44. cxb3 Ra8+ 45. Ba6 Rxa6+ $1 46.
Rxa6 Qxc1 $19) 42... Nd2+ 43. Ka2 Nxc4 44. bxc4 Qxc4+ $19 {Und der weiße Turm
geht verloren.}) 0-1

[Event "Qatar Masters op"]
[Site "Doha"]
[Date "2014.12.02"]
[Round "7"]
[White "Indjic, Aleksandar"]
[Black "Edouard, Romain"]
[Result "0-1"]
[WhiteElo "2538"]
[BlackElo "2659"]
[Annotator "Edouard,R"]
[PlyCount "96"]
[EventDate "2014.11.26"]
[EventType "swiss"]
[EventRounds "9"]
[EventCountry "QAT"]
[SourceTitle "CBM 164"]
[Source "ChessBase"]
[SourceDate "2015.01.15"]
[SourceVersion "1"]
[SourceVersionDate "2015.01.15"]
[SourceQuality "1"]

1. Nf3 d5 2. g3 g6 3. Bg2 Bg7 4. d3 e5 5. O-O Nc6 $5 ({People usually start
with} 5... Ne7 {in order to keep the option of playing ...c6.}) 6. Nbd2 (6. e4
dxe4 $5 7. dxe4 Qxd1 8. Rxd1 Bg4 9. c3 {was nothing for White in my game with
Maxime Vachier-Lagrave if I had gone for the very logical} Nf6 $11) 6... Nge7
7. e4 ({Several games have gone} 7. c4 O-O 8. Rb1 a5 9. b3 {but for example
the game could continue with} f5 $5 $146 10. cxd5 Nxd5 11. Bb2 Re8 12. Nc4 b5
13. Ne3 Nxe3 14. fxe3 Bb7 $13) 7... O-O 8. exd5 Nxd5 9. Re1 h6 10. Nc4 Re8 11.
a4 (11. c3 Nb6 12. Ne3 Be6 13. Qc2 Qd7 14. a4 a5 {was more than fine for Black
in 1-0 (47) Nepomniachtchi,I (2714)-Bacrot,E (2718) Beijing CHN 2014}) (11. Bd2
g5 $5 12. c3 (12. h3 f5 $5 $13) 12... Bf5 13. h4 g4 14. Nh2 Qd7 15. Bxd5 Qxd5
16. Ne3 Qxd3 17. Nxf5 Qxf5 18. Qxg4 Qxg4 19. Nxg4 h5 20. Ne3 Rad8 21. Rad1 Bh6
{1/2-1/2 (21) Almasi,Z (2693)-So Wesley,- (2744) ITA 2014}) 11... Bf5 $5 12.
Nh4 (12. h3 {looked to me like it was critical, but of course there are quite
a few decent moves for Black, e.g.} a5 $5 (12... h5 $5) (12... Ndb4 $5 {
with the idea} 13. g4 Nxc2 $5 {deserves attention too:} 14. gxf5 (14. Qxc2 $2
Bxd3 15. Qb3 e4 $17) 14... Nxa1 15. fxg6 f5 $13) 13. g4 Bc8 $11 {[%csl Rg4,Rh3]
}) 12... Be6 13. Nf3 f6 $5 14. Ne3 Nde7 $5 (14... Qd7 {was the most natural
move, but I liked the idea of keeping more pieces.}) 15. Bd2 a5 16. Bc3 Qd7 17.
Nc4 b6 18. b3 Rad8 19. Qe2 Nf5 (19... Nd5 20. Bb2 Ndb4 {was the most logical
way to play, and the game might have continued with something like} 21. Rad1
Bg4 22. Qd2 Nd4 23. Bxd4 exd4 24. Rxe8+ Rxe8 25. Re1 Rxe1+ 26. Nxe1 Bf8 $15)
20. Bb2 g5 $6 (20... h5 $5) 21. h3 (21. c3 $5 {[%csl Yd4] would have made
sense:} Qxd3 22. Qxd3 Rxd3 23. Nxg5 hxg5 24. Bxc6 $11) 21... Bf8 $5 {Sooner or
later this bishop will be useful on this diagonal!} 22. Kh2 Nb4 23. Ncxe5 $2 {
The sacrifice simply doesn't work.} (23. Rac1 {remains very solid.}) 23... fxe5
24. Nxe5 Qd6 25. Qh5 Bg7 26. Rac1 (26. Qg6 Bc8 27. Qf7+ Kh7 28. Be4 Rf8 $19)
26... Rf8 27. Re2 Bd5 28. Bxd5+ Nxd5 29. Rce1 Nf6 30. Qf3 Nd7 31. Nc4 Qg6 32.
Bxg7 Qxg7 33. Qg4 Rf7 {Not the most precise, but anyway it's a clear extra
piece.} (33... Nd4 34. Re7 Rxf2+ 35. Kg1 Qf6 36. Rxd7 Rf8 $19) (33... h5 $5)
34. Re8+ Rxe8 35. Rxe8+ Kh7 36. d4 $6 Qxd4 37. Qe2 Ng7 38. Re3 Qf6 39. Kg1 Qf5
40. g4 Qg6 41. f3 Rf8 42. Qd2 Qf7 43. Kg2 Re8 44. Rxe8 Qxe8 45. Kf2 Ne5 46. Ne3
Qf7 47. Qe2 Qf4 48. Kg2 Qd4 0-1

[Event "Hafnarfjordur op"]
[Site "Hafnarfjordur"]
[Date "1996.??.??"]
[Round "8"]
[White "Dunnington, Angus J"]
[Black "Engqvist, Thomas"]
[Result "1/2-1/2"]
[WhiteElo "2450"]
[BlackElo "2375"]
[Annotator "Engqvist"]
[PlyCount "64"]
[EventDate "1996.??.??"]
[EventType "swiss"]
[EventRounds "9"]
[EventCountry "ISL"]
[SourceTitle "CBM 056"]
[Source "ChessBase"]
[SourceDate "1997.02.01"]
[SourceVersion "1"]
[SourceVersionDate "1997.02.01"]
[SourceQuality "1"]

1. Nf3 Nf6 2. g3 d5 3. Bg2 c6 4. O-O Bg4 5. b3 Nbd7 6. Bb2 e6 7. d3 Bd6 8. Nbd2
O-O 9. h3 Bxf3 $5 (9... Bh5 10. e4 e5 (10... Ne8 11. Qe1 Nc7 12. d4 (12. e5 Bc5
$10 {Smejkal-Vasjukov, Varna 1971}) 12... a5 13. a4 f5 14. exf5 exf5 $10 {
Schmidt-Bagirov, Tbilisi 1974}) 11. Qe1 Re8 12. Nh4 dxe4 (12... a5 $5 13. a3
Bc5 14. Kh1 (14. Ndf3) 14... Nf8 15. f4 $6 (15. Nf5 $142) 15... dxe4 $1 16.
dxe4 (16. f5 e3 $1 17. Ndf3 e4 $1 18. Bxf6 Qxf6 19. dxe4 Rxe4 20. Ng5 Ree8 21.
Ne4 Rxe4 22. Bxe4 e2 23. Rf4 Bd6 $19) (16. g4 exd3 $1 17. gxh5 exf4 18. Bxf6
Rxe1 $1 19. Bxd8 Rxa1 20. Rxa1 dxc2 21. Rc1 Rxd8 22. Rxc2 Bxa3 $17) 16... exf4
17. gxf4 Bd4 $1 $15 {Schwartzman-Waitzkin, USA 1996}) (12... Nc5 13. Nf5 Bc7 (
13... Bf8 14. f4 $5 exf4 15. Rxf4) 14. f4 exf4 15. gxf4 {Vl. Akopian-Ionov, El
Vendrell 1996 - 67/2} Bg6 $1 $13 {Vl. Akopian}) 13. dxe4 Bf8 14. Nf5 Qc7 15. a4
Nc5 16. f4 $6 exf4 17. Bxf6 gxf6 18. gxf4 Bg6 19. Qg3 Rad8 20. Rf2 Rxd2 $1 21.
Rxd2 Nxe4 $17 {Vl. Akopian-Sipov, Berlin 1996}) 10. Nxf3 Qc7 11. c4 Rfe8 12.
Qc2 (12. Rb1 {Dunnington}) 12... Rad8 13. a3 e5 14. e4 $2 (14. b4 $13) 14...
dxe4 15. dxe4 c5 $1 $15 {/\Nb8-c6} 16. Nh4 g6 17. Qc1 Nh5 $2 (17... Bf8 18. Bh1
$1 (18. Bf3 Nb8 19. Ng2 Nc6 20. Ne3 Bh6 21. Qc2 Nd4 22. Bxd4 cxd4 23. Nd5 Nxd5
24. exd5 f5 $19) 18... Nb8 19. Ng2 Nc6 20. Ne3 Bh6 21. Qe1 $1 (21. Qc2 Nd4 22.
Bxd4 cxd4 23. Nd5 Nxd5 24. exd5 f5 25. c5 e4 $17) 21... Nd4 22. Bxd4 cxd4 (
22... exd4 23. Nd5 Nxd5 24. cxd5) 23. Nd5 Nxd5 24. cxd5 Qc2 (24... Qc3 {S.Berg}
) 25. Qb4 {Engqvist, Dunnington}) 18. Bf3 {/\Ng2-e3-d5} Ng7 19. Ng2 $10 Ne6 20.
Ne3 Nf6 21. Nd5 Nxd5 22. cxd5 Nd4 23. Bxd4 cxd4 24. Qxc7 Bxc7 25. Rfc1 Bd6 26.
Be2 Rc8 27. Rc4 Rxc4 28. Bxc4 Kf8 29. Kf1 Ke7 30. Ke2 a6 31. a4 Rc8 32. Ra2 Bb4
1/2-1/2

[Event "Olympiad-40"]
[Site "Istanbul"]
[Date "2012.09.04"]
[Round "7.1"]
[White "Nakamura, Hikaru"]
[Black "Solak, Dragan"]
[Result "1-0"]
[WhiteElo "2778"]
[BlackElo "2599"]
[Annotator "Erenburg,S"]
[PlyCount "61"]
[EventDate "2012.08.28"]
[EventType "team-swiss"]
[EventRounds "11"]
[EventCountry "TUR"]
[SourceTitle "CBM 151"]
[Source "ChessBase"]
[SourceDate "2012.11.13"]
[SourceVersion "1"]
[SourceVersionDate "2012.11.13"]
[SourceQuality "1"]
[WhiteTeam "US of America"]
[BlackTeam "Turkey"]
[WhiteTeamCountry "USA"]
[BlackTeamCountry "TUR"]

1. g3 d5 2. Nf3 Nf6 3. Bg2 c6 4. d3 Bf5 5. O-O e6 6. Nh4 {Nakamura is not
trying to win the game from the opening, but rather is looking for a long
struggle in which he has the bishop pair.} Bg6 {This one is more solid than} (
6... Bg4 {, which has not neen played very often by strong grandmasters.} 7. h3
Bh5 8. Nd2 Be7 9. Qe1 Nfd7 10. f4 Bxh4 11. gxh4 O-O 12. e4 Re8 13. Qg3 f5 $13 {
1/2-1/2 Kalinitschew,S (2489)-Potkin,V (2612)/Germany 2007/CBM 123}) 7. Nxg6 {
Sometimes White waits with the capture of Black's bishop, but usually it does
not take long to take it eventually, as after White advances his e-pawn, Black
has the resource of playing ...Bh5.} (7. Nd2 Be7 8. Nxg6 (8. e4 Bh5) 8... hxg6
9. e4 a5 10. c3 (10. Qe2 $5) 10... Nbd7 11. Qe2 dxe4 12. Nxe4 Nxe4 13. dxe4 Qc7
14. Rd1 O-O 15. Bf4 e5 16. Be3 a4 17. h4 Nf6 18. Bf3 Rfd8 {In this kind of
position, almost every piece of software gives White a slight advantage due to
his bishop pair. However, Black's position is solid enough to hold it and have
counter-chances.} 19. Kg2 Rxd1 20. Rxd1 Rd8 21. Rxd8+ Bxd8 22. Qd3 $14 {
/=. 0-1 Ehlvest,J (2600)-Grachev,B (2653)/Moscow 2010/CBM 135 (47)}) 7... hxg6
8. Nd2 ({White has tried to outplay his opponent in the endgame that is
obtained after} 8. e4 dxe4 9. dxe4 Qxd1 10. Rxd1 {, but probably, with precise
play, Black should be able to hold it.} Nbd7 11. h3 Bc5 12. Nd2 O-O-O 13. Nb3
Bb6 14. Kf1 Nc5 15. Rxd8+ Rxd8 16. Nxc5 Bxc5 17. Ke2 e5 18. Bg5 Kc7 $14 {
/=. 1/2-1/2 Roiz,M (2659)-Laznicka,V (2578)/Plovdiv 2008/CBM 124 (67)}) 8...
Nbd7 9. e4 dxe4 10. dxe4 $146 {White's novelty should not come as a surprise.
Nakamura has some space advantage, so it makes sense to keep as many pieces as
possible on the board.} ({I don't think White can get anything without a pair
of knights on the board:} 10. Nxe4 Nxe4 11. Bxe4 Bd6 12. Bg2 f5 $2 (12... Nf6
$11) 13. d4 Qf6 14. c4 g5 15. Re1 O-O-O 16. Bd2 g4 17. d5 $14 {1-0 Markowski,T
(2549)-Langheinrich,F (2363)/Germany 2002/CBM 093 (40)}) 10... e5 {Black has
just fixed the pawn structure on the kingside, so that White's light-squared
bishop will not operate along the long diagonal.} 11. Qe2 Bc5 12. Nf3 Qc7 13.
h4 $1 {Emphasising the drawbacks of Black's pawn structure. White's knight is
going to occupy the g5-outpost and the light-squared bishop will operate along
the h3-c8 diagonal.} O-O 14. Bh3 Rfe8 15. Kg2 Nf8 16. Ng5 $14 {Nakamura has
managed to get a slight advantage from the opening that seemed to be
completely harmless for Black. It's not just the pair of bishops that make the
difference, but rather the pawn structure on the kingside. White's knight can
not be easily driven away from g5 and White has some prospects for developing
an initiative on that side of the board.} Rad8 17. a3 {Covering the b4-square,
from where Black would try to trade the dark-squared bishops.} Qe7 ({Maybe it
was better to play the immediate} 17... N8h7 18. Bd2 Nxg5 19. Bxg5 Rd6 $14) 18.
Bd2 N8h7 19. Rae1 {Preparing the f2-f4 breakthrough potentially. Note that
White's rooks have nothing to do on the open d-file, because Black can't
create the counterplay using it. Although Black's position is still solid and
White is not threatening with anything particular harmful, it is very
unpleasant to play this position for Black.} Nxg5 20. Bxg5 Qc7 $6 {This allows
White to get the long-term advantage.} ({Probably, the strange looking} 20...
Rd6 {was better:} 21. f4 exf4 22. e5 Qc7 $1 23. b4 Bb6 24. Bxf4 Nh5 25. Kh1 Qb8
26. Qf3 $14) 21. h5 $1 gxh5 22. Bxf6 gxf6 23. Bf5 (23. Qxh5 Kf8 $14) 23... Kf8
24. Rh1 Ke7 25. Rxh5 Rh8 26. g4 $1 Rdg8 $2 ({It was necessary to cover the
c4-square:} 26... b5 27. Reh1 Rhg8 $140 28. Rh7 Qd6 $14) 27. Kf3 $1 $16 {
White is going to take control over the h-file without exchanging a pair of
rooks. Obviously, exchanging on h5 is out of the question for Black, since it
creates a passed pawn for White.} Rd8 28. Reh1 Rhf8 29. Rh7 Qa5 $2 (29... Qd6
30. b4 Bb6 {[%cal Yd6d2]} 31. Qc4 {[%cal Yg4g5,Gh1h6]} Bxf2 32. g5 $1 (32. Kxf2
Qd2+ 33. Qe2 Qf4+ 34. Ke1 Qc1+ $11) 32... fxg5 33. R7h6 b5 (33... Qd2 34. Re6+
Kd7 35. Rxc6+ $18) 34. Rxd6 bxc4 35. Rxd8 Rxd8 36. Kxf2 Rd2+ $16 {+-}) ({
It was not too late to cover the c4-square and keep some chances of survival:} 
29... b5 $1 30. b4 Bb6 31. Kg2 $16 {[%cal Yc2c4]}) 30. Qc4 $18 {Now White's
attack is unstoppable.} Qb5 $2 {A blunder in a lost position.} ({Black is lost
anyway after} 30... Rd6 31. Bg6 Re6 32. Rd1 Qb5 33. Qa2 $18 {[%cal Yg6f5]}) 31.
Qe6# 1-0

[Event "Vikings GM 2nd"]
[Site "York"]
[Date "2000.12.15"]
[Round "3"]
[White "Hillarp Persson, Tiger"]
[Black "Hector, Jonny"]
[Result "1-0"]
[WhiteElo "2549"]
[BlackElo "2509"]
[Annotator "Ftacnik,L"]
[PlyCount "87"]
[EventDate "2000.12.13"]
[EventType "tourn"]
[EventRounds "10"]
[EventCountry "ENG"]
[EventCategory "12"]
[SourceTitle "CBM 081"]
[Source "ChessBase"]
[SourceDate "2001.03.20"]
[SourceVersion "1"]
[SourceVersionDate "2001.03.20"]
[SourceQuality "1"]

1. g3 d5 2. Bg2 c6 3. d3 e5 4. Nf3 Nd7 5. O-O Ngf6 6. c4 dxc4 7. d4 exd4 8.
Qxd4 Be7 (8... b5 9. Qe3+ Qe7 10. Nd4 Qxe3 11. Bxe3 Bb7 12. Nxb5 cxb5 13. Bxb7
$14) (8... Nb6 9. Qxd8+ Kxd8 10. Bg5 Be7 11. Nbd2 $13) 9. Qxc4 O-O 10. Qc2 Qa5
(10... Bd6 11. Rd1 Qe7 12. Nc3 Rd8 $11) 11. Nc3 Qh5 12. h3 Nb6 13. g4 Qa5 (
13... Bxg4 $2 14. hxg4 Nxg4 15. Bf4 $16) 14. e4 Be6 $6 {Black had no need to
give white chances due to the exchange of this centralized piece.} (14... Rd8
15. g5 Ne8 16. Bf4 Be6 $11) 15. Nd4 Rad8 16. Nxe6 fxe6 17. Qb3 Kh8 (17... Kf7
18. f4 Nfd7 19. f5 Nc5 20. Qc2 Kg8 21. Bf4 $14) 18. Qxe6 Bc5 19. Kh1 Bd4 (19...
Nfd5 $5 20. exd5 Rde8 21. Qxe8 Rxe8 22. dxc6 bxc6 23. Bxc6 $14) 20. Qb3 Nbd7
21. Qc2 Ne5 22. f4 (22. Ne2 Bb6 23. f4 Nd3 24. e5 Nxc1 25. Qxc1 Nd5 26. Rf3 $14
) 22... Nc4 23. Ne2 (23. g5 Nh5 24. Rf3 $14) 23... Ne3 24. Bxe3 Bxe3 25. Rad1
Rxd1 26. Rxd1 Qxa2 27. e5 {[%mdl 16] White his much better with better pieces
and agile pawn majority on the kingside.} Nd5 (27... Ne8 28. f5 $16) 28. f5 Bb6
29. Bxd5 cxd5 30. Nf4 d4 (30... Rd8 $2 31. Nxd5 $18) 31. Nd3 (31. Ne6 Re8 32.
Qe4 Qb3 33. Rd3 Qxb2 34. Qxb7 Qc1+ 35. Kg2 Qc2+ 36. Kg1 Qc1+ 37. Kh2 Qc2+ $11)
31... Qd5+ 32. Qg2 Qb3 (32... Qxg2+ $2 33. Kxg2 Kg8 34. Kf3 Kf7 35. Ke4 $18)
33. Qf3 Bc7 34. Rf1 a5 35. Kg2 a4 36. g5 {The time has come to take the full
benefit of the pawns potential.} a3 (36... b5 37. f6 $16) 37. bxa3 Qxa3 38. h4
b5 39. Rf2 Qe7 (39... b4 40. f6 gxf6 41. exf6 b3 42. Qd5 $16) 40. f6 gxf6 41.
gxf6 (41. exf6 Qd6 42. h5 $16) 41... Qe6 42. Qf5 Qc6+ (42... Qxf5 43. Rxf5 Bd8
44. Kf3 $18) 43. Kg1 b4 (43... Rg8+ 44. Kh2 Rf8 45. Nf4 $18) 44. Rg2 1-0